00462nam a2200121Ia 45000010005000000080041000050820038000461000078000842450112001622600024002749010027002989990015003252682241024s9999 xx 000 0 und d aRD/371.2/R426i/2009 LIBRO NO ESTA aRepública Dominicana. Cámara de Cuentas de la República Dominicana. 0aInforme de la auditoría del control interno Ministerio de Educación, del 1 de enero al 23 de abril 2010 bSanto Domingoc2009 a5/12/2012 4:03:04 p.m. c8880d8880